Statistics for 2018 BTCC Winners

Click here to take the quiz!

General Stats

  • This quiz has been taken 31 times
  • The average score is 14 of 17

Answer Stats

TeamDriver% Correct
Laser Tools MercedesAiden Moffat
100%
Ciceley Motorsport MercedesAdam Morgan
96%
SubaruAsh Sutton
96%
BMWColin Turkington
96%
Pirtek BMWAndrew Jordan
92%
HondaMatt Neal
92%
HondaDan Cammish
88%
Simpson Racing HondaMatt Simpson
88%
Shredded Wheat FordTom Chilton
88%
Speedworks ToyotaTom Ingram
88%
Vauxhall AstraJosh Cook
83%
Eurotech HondaJack Goff
75%
BMWRob Collard
71%
Vauxhall AstraSenna Proctor
67%
BTC Norlin HondaChris Smiley
63%
BTC Norlin HondaDan Lloyd
50%
Shredded Wheat FordSam Tordoff
42%

Score Distribution

Percentile by Number Answered

Percent of People with Each Score

Your Score History

You have not taken this quiz